000 02522nam a22002417a 4500
999 _c21896
_d21896
003 AR-CdUCM
008 190425b ||||| |||| 00| 0 spa d
040 _aMUNICIPALIDAD PROVINCIAL DEL CUSCO
_cBIBLIOTECA MUNICIPAL DEL CUSCO
082 _aRev.AHC/N°1/1950
110 _aArchivo Regional del Cusco
_946600
245 _aRevista del Archivo Histórico del Cuzco /
_cUniversidad Nacional del Cuzco
260 _aCusco :
_bH.G. Rozas,
_c1950.
300 _a434 páginas. :
_bilustraciones ;
_c21 cm.
440 _aRevista del Archivo Histórico.
_nAño I, 1950, N°1.
_946726
505 _aContenido: Inauguración del Archivo Histórico. -- Resolución Suprema que ordena la constitución del archivo Histórico del Cuzco. -- Acta de fundación del archivo. -- Índice de Bulas breves y edictos pontificios. -- Inventario cronológica del primer legajo de cedulas dirigidas por los reyes de España a los dominios de las américas en la segunda mitad del siglo XVIII. -- Comunicaciones originales del Virrey don José de la Serna. -- Documentos sobre el libertador. -- Relación de los asensos y empleos que el señor libertador ha proveído en esta capital del Cuzco. -- Entrada del libertador al Cuzco, recepción y fiestas organizadas en su honor. -- Manco Cápac al Libertador. -- Programa de la segunda corrida de toros. -- Programa de la tercera corrida de toros. -- Catalogo e índice de los documentos relativos al Mariscal Antonio José de Sucre, Generales Rudecindo Alvarado, Pedro Antonio de Olañeta y otros. -- Documentos sobre Mariscal Gamarra. -- Entrada al Cuzco del General Gamarra y el ejercito Libertador. -- Expediente de la real audiencia del Cuzco. -- Documentos sobre la rebelión del inca José Gabriel Tupac Amaru. -- Indios de sangre real. -- Relación cronológica de los caciques e indios nobles que han tenido sus hijos en el colegio Real San Francisco de Borja. -- Un documento sobre el prócer José Gabriel Aguilar vive la patria. -- El reparta de los tesoros del Cuzco Rafael Loredo. -- Relación de repartimientos que existían en el Cuzco al finalizar la rebelión de Gonzalo Pizarro. -- Inventario de la Iglesia de la Compañía del Cuzco, año de 1767. -- Quispe Tito. Jorge Cornejo Bouroncle. -- Archivo del Colegio Nacional de Ciencias.
650 _aHistoria del Cusco
_91714
650 _aFuentes escritas
_92045
650 _aArchivos históricos
_944088
650 _aSimón Bolívar
_91694
700 _aCornejo Bouroncle, Jorge
_915278
942 _2ddc
_cPP
945 _arac